000 00708nam a2200289Ia 4500
005 20260324145109.0
008 008 260324s9999 xx 000 0 eng d
020 _a9781315649610
037 _aEBOOK
040 _aCRL
040 _beng
040 _cCRL
041 _2eng
041 _aeng
084 _qCRL
100 _aAbraham L. Udovitch; Lucette Valensi; Jacques Perez
_91221741
245 4 _aThe Last Arab Jews
245 4 _bThe Communities of Jerba, Tunisia
260 _bTaylor and Francis
260 _c1984
365 _a
365 _b230
856 _uhttp://www.taylorfrancis.com/books/9781315649610
942 _cEBOOK
999 _c1829179
_d1829179